Microbiology in clinical practice / (Record no. 5298)

000 -LEADER
fixed length control field 01133cam a2200289 a 4500
001 - CONTROL NUMBER
control field 727176
003 - CONTROL NUMBER IDENTIFIER
control field OSt
005 - DATE AND TIME OF LATEST TRANSACTION
control field 20220406103703.0
008 - FIXED-LENGTH DATA ELEMENTS--GENERAL INFORMATION
fixed length control field 980722s1999 enka b 001 0 eng
010 ## - LIBRARY OF CONGRESS CONTROL NUMBER
LC control number 98034738
020 ## - INTERNATIONAL STANDARD BOOK NUMBER
International Standard Book Number 0750631104 (pbk.)
040 ## - CATALOGING SOURCE
Original cataloging agency DLC
Transcribing agency ALUPE UNIVERSITY
Modifying agency DLC
050 00 - LIBRARY OF CONGRESS CALL NUMBER
Classification number QR46
Item number .S478 1999
082 00 - DEWEY DECIMAL CLASSIFICATION NUMBER
Classification number 616/.01
Edition number 21
100 1# - MAIN ENTRY--PERSONAL NAME
Personal name Shanson, D. C.
245 10 - TITLE STATEMENT
Title Microbiology in clinical practice /
Statement of responsibility, etc. D.C. Shanson ; with a foreword by D.C.E. Speller.
250 ## - EDITION STATEMENT
Edition statement 3rd ed.
260 ## - PUBLICATION, DISTRIBUTION, ETC.
Place of publication, distribution, etc. Oxford ;
-- Boston :
Name of publisher, distributor, etc. Butterworth-Heinemann,
Date of publication, distribution, etc. c1999.
300 ## - PHYSICAL DESCRIPTION
Extent xix, 500 p. :
Other physical details ill. ;
Dimensions 25 cm.
504 ## - BIBLIOGRAPHY, ETC. NOTE
Bibliography, etc. note Includes bibliographical references (p. [471]-474) and index.
650 #0 - SUBJECT ADDED ENTRY--TOPICAL TERM
Topical term or geographic name entry element Medical microbiology.
856 42 - ELECTRONIC LOCATION AND ACCESS
Materials specified Publisher description
Uniform Resource Identifier <a href="http://www.loc.gov/catdir/enhancements/fy0640/98034738-d.html">http://www.loc.gov/catdir/enhancements/fy0640/98034738-d.html</a>
856 41 - ELECTRONIC LOCATION AND ACCESS
Materials specified Table of contents only
Uniform Resource Identifier <a href="http://www.loc.gov/catdir/enhancements/fy0640/98034738-t.html">http://www.loc.gov/catdir/enhancements/fy0640/98034738-t.html</a>
906 ## - LOCAL DATA ELEMENT F, LDF (RLIN)
a 7
b cbc
c orignew
d 1
e ocip
f 19
g y-gencatlg
942 ## - ADDED ENTRY ELEMENTS (KOHA)
Source of classification or shelving scheme
Koha item type Book
Suppress in OPAC JO
Holdings
Withdrawn status Lost status Source of classification or shelving scheme Damaged status Not for loan Permanent Location Current Location Shelving location Date acquired Source of acquisition Total Checkouts Full call number Barcode Date last seen Price effective from Koha item type Public note
          AU LIBRARY AU LIBRARY Open Shelf 06.04.2022 DONATION FROM MOI UNIVERSITY   QR46 .S478 1999 28007539 06.04.2022 06.04.2022 Book JO

Powered by Koha